Yo, bruja (Registro nro. 11143)

Detalles MARC
000 -Cabecera
Campo de control de longitud fija 00658nam a22002777a 4500
005 - Fecha y hora de la última transacción
Campo de control 20251128165144.0
008 - Elementos de longitud fija--Información general
Campo de control de longitud fija 180920b2015 xxu||||| |||| 00| 0 spa d
020 ## - International Standard Book Number
Número Internacional Estándar del Libro (ISBN) 9788491040453
041 ## - Idioma
Código de idioma Español
082 ## - Clasificación Decimal Dewey
Número de clasificación CR 863.44 C431y
100 ## - Entrada principal--Autor personal
Nombre personal Chacón Álvarez, Isidora
245 ## - Título propiamente dicho
Título Yo, bruja
260 ## - Pie de imprenta
Lugar de publicación, distribución, etc. España
260 ## - Pie de imprenta
Nombre del editor, distribuidor, etc. Alianza Editorial
260 ## - Pie de imprenta
Fecha de publicación, distribución, etc. 2015
300 ## - Descripción física
Extensión 235 páginas
490 ## - Serie
Título de la Serie Temática General
650 ## - Materia general
Temática (materia general) LITERATURA COSTARRICENSE
650 ## - Materia general
Temática (materia general) NOVELA COSTARRICENSE
650 ## - Materia general
Temática (materia general) BRUJA
650 ## - Materia general
Temática (materia general) PODERES
650 ## - Materia general
Temática (materia general) CONJUROS
650 ## - Materia general
Temática (materia general) HECHICERÍA
650 ## - Materia general
Temática (materia general) DESTINO
942 ## - Punto de acceso adicional KOHA
Tipo de ítem KOHA Literatura
Fuente del sistema de clasificación o colocación Dewey Decimal Classification
Existencias
Signatura completa Código de barras Programa Académico Tipo de ítem
CR 863.44 C431y 23532 Temática General Literatura